Стилістичні засоби вираження екстремальних ситуацій в оповіданнях Едгарда По (Запис № 283936)

МАРК-запис
000 -LEADER
fixed length control field 01320nam a22001577a 4500
041 ## - LANGUAGE CODE
Language code of text/sound track or separate title ukr
080 ## - UNIVERSAL DECIMAL CLASSIFICATION NUMBER
Universal Decimal Classification number 09
090 ## - LOCALLY ASSIGNED LC-TYPE CALL NUMBER (OCLC); LOCAL CALL NUMBER (OCLC)
Local cutter number (OCLC) ; Book number/undivided call number, CALL (RLIN) ДАН
100 ## - MAIN ENTRY--PERSONAL NAME
Personal name Данилюк Л.А.
245 ## - TITLE STATEMENT
Title Стилістичні засоби вираження екстремальних ситуацій в оповіданнях Едгарда По
260 ## - PUBLICATION, DISTRIBUTION, ETC. (IMPRINT)
Place of publication, distribution, etc Острог
Name of publisher, distributor, etc КАФ
Date of publication, distribution, etc 2007
300 ## - PHYSICAL DESCRIPTION
Extent 51
520 ## - SUMMARY, ETC.
Summary, etc ВСТУП<br/>РОЗДІЛ 1 ХАРАКТЕРИСТИКА СТИЛЮ ТА ВИКОРИСТАННЯ ХУДОЖНІХ ЗАСОБІВ У ТВОРАХ ЕДГАРДА ПО<br/>1.1 Функціональні особливості художнього стилю.<br/>1.2 Особливості вживання стилістичних засобів і прийомів(на матеріалі оповідань Едгарда По).<br/>РОЗДІЛ 2 СТИЛІСТИЧНІ ОСОБЛИВОСТІ ВИРАЖЕННЯ ЕСТРЕМАЛЬНИХ СИТУАЦІЙ СТРАХУ, СМЕРТІ ТА БОЛІ<br/>2.1 Емоційне переживання (страх).<br/>2.2 Страх смерті.<br/>2.3 Психологія болі та особливості його вираження в художньому творі.<br/>ВИСНОВКИ
-- Едгард По,екстемальні ситуації.
650 ## - SUBJECT ADDED ENTRY--TOPICAL TERM
Topical term or geographic name as entry element Research Papers
942 ## - ADDED ENTRY ELEMENTS (KOHA)
Koha item type Книги
Фонди
Withdrawn status Lost status Source of classification or shelving scheme Damaged status Not for loan Home library Current library Date acquired Source of acquisition Cost, normal purchase price Total Checkouts Full call number Barcode Date last seen Price effective from Koha item type
    Universal Decimal Classification     ВІЛ - Відділ іноземн. літератури НБ ВІЛ - Відділ іноземн. літератури НБ 16/04/2009 Акт №1 1.00   09 213697 15/12/2021 16/04/2009 Книги